Statistics for Countries of the World - With a player in the 2017 Chinese Super League

Click here to take the quiz!

General Stats

  • This quiz has been taken 42 times
  • The average score is 21 of 31

Answer Stats

ContinentCountry% Correct
South AmericaArgentina
97%
South AmericaBrazil
97%
EuropeItaly
94%
OceaniaAustralia
91%
EuropeSpain
91%
AsiaChina
89%
EuropeBelgium
86%
South AmericaColombia
86%
EuropePortugal
86%
AfricaNigeria
83%
AsiaSouth Korea
83%
EuropeFrance
77%
EuropeNetherlands
77%
AfricaGhana
71%
AfricaCameroon
69%
AsiaChinese Taipei
66%
EuropeCroatia
66%
EuropeCzech Republic
66%
EuropeHungary
66%
EuropeSerbia
66%
AfricaSenegal
63%
AsiaIsrael
57%
EuropeAlbania
54%
AfricaDemocratic Republic of the Congo
49%
AfricaIvory Coast
49%
AsiaUzbekistan
46%
EuropeIceland
40%
AsiaSyria
37%
AfricaGambia
34%
AsiaHong Kong
29%
AfricaGuinea-Bissau
17%

Score Distribution

Percentile by Number Answered

Percent of People with Each Score

Your Score History

You have not taken this quiz